Statistics for Superbowl winning QBs in the Hall of Fame

Click here to take the quiz!

General Stats

  • This quiz has been taken 19 times
  • The average score is 12 of 16

Answer Stats

SBQB% Correct
XVI, XIX, XXIII, XXIVJoe Montana
100%
XLI, 50Peyton Manning
94%
I, IIBart Starr
88%
IIIJoe Namath
82%
XXIXSteve Young
82%
IX, X, XIII, XIVTerry Bradshaw
82%
XXVII, XXVIII, XXXTroy Aikman
82%
XXXIBrett Favre
76%
XXXII, XXXIIIJohn Elway
76%
VJohnny Unitas
76%
VIRoger Staubach
76%
XIIIRoger Staubach
76%
IVLen Dawson
71%
XIKen Stabler
59%
VI, VIIIBob Griese
53%
XXXIVKurt Warner
53%

Score Distribution

Percentile by Number Answered

Percent of People with Each Score

Your Score History

You have not taken this quiz